ECOUR '85 4. konferencia o ekológii a urbanizme : zborník prednášok : Žilina 26.-28.11.1985
Guardado en:
| Formato: | Libro |
|---|---|
| Lenguaje: | eslovaco |
| Publicado: |
Žilina
Dom techniky ČSVTS
1985
|
| Etiquetas: |
Sin Etiquetas, Sea el primero en etiquetar este registro!
|
MARC
| LEADER | 00000nam a2200000 4500 | ||
|---|---|---|---|
| 001 | c104134 | ||
| 005 | 20181203150245.8 | ||
| 041 | 0 | |a slo | |
| 044 | |a SK | ||
| 245 | 1 | 0 | |a ECOUR '85 |b 4. konferencia o ekológii a urbanizme : zborník prednášok : Žilina 26.-28.11.1985 |
| 264 | 1 | |a Žilina |b Dom techniky ČSVTS |c 1985 | |
| 300 | |a 286 s. | ||